Normal view
MARC view
Entry Personal Name
001 - CONTROL NUMBER
- control field: 8768
003 - CONTROL NUMBER IDENTIFIER
- control field: OSt
005 - DATE AND TIME OF LATEST TRANSACTION
- control field: 20211028145723.0
008 - FIXED-LENGTH DATA ELEMENTS
- fixed length control field: 211028|| aca||aabn | a|a d
040 ## - CATALOGING SOURCE
- Original cataloging agency: OSt
- Transcribing agency: OSt
100 ## - HEADING--PERSONAL NAME
- Personal name: Shetty, Dhanush K; Lasrado, Suman.
- Miscellaneous information: 161913
670 ## - SOURCE DATA FOUND
- Source citation: Work cat.: (OSt): Shetty, Dhanush K; Lasrado, Suman. 161913, Resource management system an internal application for manager/employee/admins., 2018